• 首页
  • 本馆介绍
  • 公告通知
  • 最新文献
  • 馆藏检索
  • 电子资源
  • 读者导购
  • 参考咨询
  • 我的图书馆
  • 登录
  • 详细信息显示
  • 放入我的书架
  • 预约/预借图书
  • 作者相关作品
  • 分类相关作品
  • 丛书相关作品
  • 出版社相关作品

书目信息

  • 表格格式
  • 工作单格式
  • 卡片格式
题名:
为保证化学实验室的安全而奋斗
    
 
作者: 郑兰华 编译
分册:  
出版信息: 上海   商务印书馆  1956.07
页数: 47页
开本: 20cm
丛书名:
单 册:
中图分类: O6-31
科图分类:
主题词: 化学实验
电子资源:
ISBN:
000 00571nam0 2200193 450
001 0654651765
005 20060819151315.67
010    @dCNY0.16
100    @a20060819d1956 km y0chiy0120 ea
101 0  @achi
102    @aCN@b310000
200 1  @a为保证化学实验室的安全而奋斗@Awei bao zheng hua xue shi yan shi de an quan er fen dou@f郑兰华编译@Fzheng lan hua bian yi
210    @a上海@c商务印书馆@d1956.07
215    @a47页@d20cm
606 0  @a化学实验
690    @aO6-31@v3
701  0 @a郑兰华@Azheng lan hua@4编译
801  0 @aCN@bPFT@c20060819
905    @a10447@dO6-31@e326
    
    为保证化学实验室的安全而奋斗/郑兰华编译.-上海:商务印书馆,1956.07
    47页;20cm
    
    
    ISBN :CNY0.16
    
●
相关链接 在E读中查询图书 在五车中查询图书 在当当中查询图书 在豆瓣中查询图书


正题名:为保证化学实验室的安全而奋斗     索取号:O6-31/326         预约/预借

序号 登录号 条形码 馆藏地/架位号 状态 备注
1 0468904   204689042   密集书库/ [索取号:O6-31/326] 在馆    
唐山师范学院图书馆 欢迎您!
大连网信软件有限公司© 版权所有